Marketing Contemporary Concepts and Practices

Enregistré dans:
Détails bibliographiques
Auteur principal: Schoell, William F.
Autres auteurs: Guiltinan, Joseph P.
Format: Livre
Langue:anglais
Publié: Boston Allyn and Bacon 1990
Édition:4. ed.
Collection:Annotated Instructor's Edition
Sujets:
Tags: Ajouter un tag
Pas de tags, Soyez le premier à ajouter un tag!

MARC

LEADER 00000nam a2200000 4500
001 c018932
005 20221206122550.9
020 |a 0-205-12072-5 
041 0 |a eng 
044 |a US 
245 1 0 |a Marketing  |b Contemporary Concepts and Practices  |c William F. Schoell, Joseph P. Guiltinan 
250 |a 4. ed. 
264 1 |a Boston  |b Allyn and Bacon  |c 1990 
300 |a 790 s. 
490 1 |a Annotated Instructor's Edition 
830 0 |a Annotated Instructor's Edition 
610 2 0 |a marketing 
610 2 0 |a pojmy 
610 2 0 |a prieskum trhu 
610 2 0 |a zákazníci 
610 2 0 |a kúpa 
610 2 0 |a správanie 
610 2 0 |a výrobky 
610 2 0 |a distribúcia 
610 2 0 |a propagácia 
610 2 0 |a reklama 
610 2 0 |a ceny 
610 2 0 |a vývoj výrobku 
610 2 0 |a cesty odbytové 
610 2 0 |a maloobchod 
610 2 0 |a veľkoobchod 
610 2 0 |a predaj 
100 1 |a Schoell, William F. 
700 1 |a Guiltinan, Joseph P.